Finance for non finance/ (Record no. 162429)

MARC details
000 -LEADER
fixed length control field 00534nam a2200181 4500
005 - DATE AND TIME OF LATEST TRANSACTION
control field 20190313114520.0
010 ## - LCCN (DPL NO)
LC control number ENG-124876
020 ## - INTERNATIONAL STANDARD BOOK NUMBER
International Standard Book Number 9789384061210
Terms of availability 699.00
035 ## - SYSTEM CONTROL NUMBER
System control number EN-108408
037 ## - SOURCE OF ACQUISITION
Source of stock number/acquisition DBAD/PUB
082 ## - DEWEY DECIMAL CLASSIFICATION NUMBER
Classification number 657
100 ## - MAIN ENTRY--PERSONAL NAME
Fuller form of name Thakkar,Vishal
245 ## - TITLE STATEMENT
Title Finance for non finance/
Statement of responsibility, etc by Vishal Thakkar
260 ## - PUBLICATION, DISTRIBUTION, ETC. (IMPRINT)
Place of publication, distribution, etc New Delhi
Name of publisher, distributor, etc TV18 Broadcast Ltd.
Date of publication, distribution, etc (201?)
270 ## - ADDRESS
Address 507,prbhat Kiran17,Rajendra place,
City New Delhi
Postal code 110003
300 ## - PHYSICAL DESCRIPTION
Extent 303p.
Dimensions 23cm(Hb)
Other physical details picture
942 ## - ADDED ENTRY ELEMENTS (KOHA)
Source of classification or shelving scheme Dewey Decimal Classification
Item type English Books
Classification part 657
Call number suffix THA
Holdings
Withdrawn status Lost status Not for loan Collection code Home library Current library Date acquired Source of acquisition Cost, normal purchase price Full call number Barcode Copy number Cost, replacement price Koha item type
    Not For Loan Non-fiction D.B.Act.Division D.B.Act.Division 13/03/2019 DBAD/PUB 699.00 657 THA EN-108408 1 699.00 English Books

© Delhi Public Library
Hit Counter
free hit counter